[Event "Bad Lauterberg"]
[Site "Bad Lauterberg"]
[Date "1977.??.??"]
[Round "?"]
[White "Sosonko, Gennadi"]
[Black "Wockenfuss, Klaus"]
[Result "1-0"]
[WhiteElo "2530"]
[BlackElo "2350"]

1.d4 Nf6 2.c4 e6 3.g3 c5 4.d5 exd5 5.cxd5 d6 6.Nc3 g6 7.Bg2 Bg7 8.Nf3 O-O
9.O-O a6 10.a4 Re8 11.Bf4 Ne4 12.Nxe4 Rxe4 13.Nd2 Rb4 14.Ra2 g5 15.Be3 f5
16.Nf3 f4 17.Bd2 a5 18.Qc2 Bg4 19.Bxb4 axb4 20.gxf4 gxf4 21.Qe4 Qf6 22.Qe8+ Qf8
23.Qb5 Qe7 24.b3 Qd7 25.Qc4 b5 26.Qxf4 c4 27.bxc4 bxa4 28.Nd4 Be5 29.Qg5+ Qg7
30.Qd8+ Qf8 31.Qh4 Bd7 32.Ne6 Qf6 33.Qg4+ Qg6 34.Qf3 Qf6 35.Qe3 b3 36.Qxb3 axb3
37.Rxa8 Bxe6 38.Rxb8+ Kg7 39.dxe6 Qxe6 40.Rb7+ Kh6 41.Rxb3 Qxc4 42.Re3 Kg7
43.Kh1 h5 44.Be4 h4 45.Rg1+ Kf6 46.Bd3 Qd4 47.h3 Ke7 48.Rg4 Qa1+ 49.Kg2 Qa8+
50.Rf3 Qh8 51.Bc4 Bf6 52.Rg6 d5 53.Bxd5 Qh5 54.Be4 Bd4 55.Rg4 Bf6 56.Bg6  1-0

[Event "Bad Lauterberg"]
[Site "Bad Lauterberg"]
[Date "1977.??.??"]
[Round "?"]
[White "Wockenfuss, Klaus"]
[Black "Torre, Eugenio"]
[Result "1/2-1/2"]
[WhiteElo "2350"]
[BlackElo "2550"]

1.d4 Nf6 2.Nc3 c5 3.d5 d6 4.e4 g6 5.Nf3 Bg7 6.Bb5+ Nbd7 7.a4 O-O 8.O-O a6
9.Be2 b6 10.h3 Bb7 11.Bf4 Re8 12.Re1 Qc7 13.Qd2 c4 14.Bf1 Qc5 15.Be3 Qb4
16.a5 Nc5 17.axb6 a5 18.Bxc5 Qxc5 19.Na4 Qc8 20.Nd4 Ba6 21.Nc6 Bb5 22.Na7 Qa6
23.Nxb5 Qxb5 24.Qe2 Nd7 25.Qxc4 Qxc4 26.Bxc4 Reb8  1/2-1/2

[Event "Bad Lauterberg"]
[Site "Bad Lauterberg"]
[Date "1977.??.??"]
[Round "1"]
[White "Liberzon, Vladimir M"]
[Black "Gligoric, Svetozar"]
[Result "1/2-1/2"]
[WhiteElo "2550"]
[BlackElo "2565"]

1.e4 e5 2.Nf3 Nc6 3.Bb5 a6 4.Ba4 Nf6 5.O-O Be7 6.Re1 b5 7.Bb3 d6 8.c3 O-O
9.h3 Nb8 10.d4 Nbd7 11.Nbd2 Bb7 12.Bc2 Re8 13.Nf1 Bf8 14.Ng3 g6 15.Bd2 Bg7
16.Qc1 d5 17.Bg5 Qb8 18.Nxe5 Nxe5 19.dxe5 Nxe4 20.Bxe4 dxe4 21.Bf6 Bxf6 22.exf6 Re6
23.Qg5 Qd8 24.Nh5 Rd6 25.Qg4 Qf8 26.Rad1 Rad8 27.Ng3 Rxf6 28.Nxe4  1/2-1/2

[Event "Bad Lauterberg"]
[Site "Bad Lauterberg"]
[Date "1977.??.??"]
[Round "1"]
[White "Gerusel, Mathias"]
[Black "Hermann, Manfred"]
[Result "0-1"]
[WhiteElo "2420"]
[BlackElo "2400"]

1.d4 d5 2.c4 Bf5 3.Nc3 e6 4.Nf3 Nc6 5.cxd5 exd5 6.Bf4 Bd6 7.Nxd5 Be4 8.Nc3 Bxf3
9.Bxd6 Qxd6 10.gxf3 Qxd4 11.Qxd4 Nxd4 12.O-O-O Ne6 13.Bh3 Nf6 14.Rd2 Ke7
15.Rg1 g6 16.e4 Nf4 17.Bf1 Rhd8 18.Rg5 c6 19.Re5+ Kf8 20.Ra5 Nd7 21.Ne2 Nxe2+
22.Bxe2 a6 23.f4 f6 24.Bg4 Ke7 25.Bxd7 Rxd7 26.Rxd7+ Kxd7 27.Kd2 Ke6 28.Ra3 c5
29.Rh3 Rd8+ 30.Ke3 Rd7 31.a4 c4 32.Ke2 b5 33.axb5 axb5 34.Ra3 Rd4 35.Ke3 Rd1
36.Ra6+ Ke7 37.Ra7+ Kd6 38.Rxh7 Rd3+ 39.Ke2 Rb3 40.Rh6 Rxb2+ 41.Ke3 Rb3+
42.Kd2 Kc5 43.Rxg6 Kd4 44.e5 fxe5 45.fxe5 Rb2+ 46.Kc1 Rxf2 47.e6 Re2 48.h4 b4
49.h5 b3 50.Rg4+ Kc3 51.Rg3+ Kb4 52.Kd1 Rxe6 53.Rh3 b2 54.Kc2 Re2+ 55.Kb1 c3
56.Ka2 Re1  0-1

[Event "Bad Lauterberg"]
[Site "Bad Lauterberg"]
[Date "1977.??.??"]
[Round "1"]
[White "Karpov, Anatoly"]
[Black "Sosonko, Gennadi"]
[Result "1-0"]
[WhiteElo "2690"]
[BlackElo "2530"]

1.e4 c5 2.Nf3 d6 3.d4 cxd4 4.Nxd4 Nf6 5.Nc3 g6 6.Be2 Bg7 7.O-O Nc6 8.Nb3 O-O
9.Bg5 Be6 10.Kh1 a5 11.a4 Nd7 12.f4 Nb6 13.f5 Bc4 14.Bxc4 Nxc4 15.Qe2 Nb6
16.Qb5 Nd4 17.Nxd4 Bxd4 18.Rad1 Bg7 19.Be3 Nd7 20.Nd5 Re8 21.c3 Be5 22.Bb6 Nxb6
23.Nxb6 Ra6 24.Nc4 Qb8 25.Nxa5 Rc8 26.Nc4 Bxh2 27.Nb6 Rxb6 28.Qxb6 Be5 29.a5 Rc6
30.Qe3 Qc7 31.Rd5 Ra6 32.Qd3 Kg7 33.Rb5 g5 34.Qd5 Ra7 35.g4 Qc8 36.Kg2 Qd7
37.c4 Qe8 38.b3 Qd8 39.Qd2 f6 40.Rh1 Bf4 41.Qc3 Qh8 42.Qh3 h5 43.Qxh5 Qxh5
44.Rxh5 Bd2 45.b4  1-0

[Event "Bad Lauterberg"]
[Site "Bad Lauterberg"]
[Date "1977.??.??"]
[Round "2"]
[White "Csom, Istvan"]
[Black "Keene, Raymond D"]
[Result "1/2-1/2"]
[WhiteElo "2535"]
[BlackElo "2510"]

1.c4 b6 2.Nf3 Bb7 3.e3 Nf6 4.d4 e6 5.Bd3 Be7 6.O-O O-O 7.b3 c5 8.Bb2 cxd4
9.exd4 d5 10.Qe2 Nc6 11.Nbd2 Re8 12.Rac1 Bf8 13.Rfd1 g6 14.Nf1 Nh5 15.g3 Bg7
16.Ne3 Nf6 17.Ne5 dxc4 18.Bxc4 Nb8 19.d5 exd5 20.Qf3 Qe7 21.Nxd5 Nxd5 22.Bxd5 Bxd5
23.Rxd5 Na6 24.Ba3 Qf6 25.Qxf6 Bxf6 26.Nd7 Bg7 27.b4 Rac8  1/2-1/2

[Event "Bad Lauterberg"]
[Site "Bad Lauterberg"]
[Date "1977.??.??"]
[Round "2"]
[White "Furman, Semen Abramovich"]
[Black "Karpov, Anatoly"]
[Result "1/2-1/2"]
[WhiteElo "2535"]
[BlackElo "2690"]

1.d4 Nf6 2.c4 e6 3.g3 d5 4.Bg2 dxc4 5.Nf3 Nbd7 6.Nbd2 Nb6 7.Nxc4 Nxc4 8.Qa4+ Bd7
9.Qxc4 Bc6 10.O-O Be7 11.Bg5 O-O 12.Ne5 Bxg2 13.Kxg2 c6 14.Rfd1 Qd5+ 15.Qxd5  1/2-1/2

[Event "Bad Lauterberg"]
[Site "Bad Lauterberg"]
[Date "1977.??.??"]
[Round "4"]
[White "Torre, Eugenio"]
[Black "Huebner, Robert"]
[Result "1/2-1/2"]
[WhiteElo "2550"]
[BlackElo "2600"]

1.e4 e6 2.d4 d5 3.Nd2 c5 4.Ngf3 Nf6 5.exd5 exd5 6.Bb5+ Bd7 7.Bxd7+ Nbxd7
8.O-O Be7 9.dxc5 Nxc5 10.Nb3 O-O  1/2-1/2

[Event "Bad Lauterberg"]
[Site "Bad Lauterberg"]
[Date "1977.??.??"]
[Round "4"]
[White "Furman, Semen Abramovich"]
[Black "Gerusel, Mathias"]
[Result "1-0"]
[WhiteElo "2535"]
[BlackElo "2420"]

1.d4 d5 2.c4 c6 3.Nf3 Nf6 4.Nc3 g6 5.cxd5 cxd5 6.Bf4 Bg7 7.e3 O-O 8.h3 a6
9.Bd3 b5 10.O-O Nc6 11.a4 b4 12.Na2 Nd7 13.Be2 Re8 14.Qd2 Bf8 15.Nc1 Na5
16.Qc2 Bb7 17.Bc7 Qc8 18.Bd3 Nc4 19.Bg3 a5 20.Nb3 e6 21.Rfc1 Ndb6 22.Nc5 Bd6
23.Bxd6 Nxd6 24.Qe2 Qd8 25.Ne5 Re7 26.Nxb7 Rxb7 27.Rc6 f6 28.Ng4 Kg7 29.Qf3 f5
30.Qf4 Nf7 31.Ne5 Re7 32.Bb5 Nc8 33.Rac1 Na7 34.R6c5 Qb8 35.Bc6 Nxc6 36.Rxc6 Nxe5
37.dxe5 Qa7 38.Qg5 Rf8 39.Rc8 Ref7 40.R8c6 Re7 41.Rd6 f4 42.exf4 Rf5 43.Qh4 Ref7
44.g3 Rxe5 45.Qg4 h5 46.Qd1 Re4 47.h4 Rc7 48.Rdc6 Rxc6 49.Rxc6 Kf7 50.f5 Qd7
51.Qc2 Kf6 52.fxg6 Qe8 53.Rc7 Qxg6 54.Qc5 Rc4 55.Qf8+ Ke5 56.Rxc4 dxc4 57.Qc5+ Kf6
58.Qxc4 Qb1+ 59.Kg2 Qxb2 60.Qf4+ Ke7 61.Qc7+ Kf8 62.Qxa5 b3 63.Qb4+ Kf7 64.a5 Qa2
65.a6 b2 66.Qb7+ Kf6 67.a7 b1=Q 68.Qxb1 Qxb1 69.a8=Q Qb5 70.Qe4 Qc5 71.Qe3 Qb5
72.Qh6+ Kf7 73.Qg5 Qe2 74.Qf4+ Kg6 75.Qe3 Qg4 76.Qd3+ Kh6 77.Qe3+ Kg6 78.Qe5 Kf7
79.Qf4+ Qxf4 80.gxf4 Kg6 81.f3 Kf5 82.Kg3 e5 83.fxe5 Kxe5 84.Kf2 Kf4 85.Ke2 Ke5
86.Kf1 Kd5 87.Ke2 Kd4 88.Kd2 Ke5 89.Ke3 Kf5 90.f4 Kg4 91.Ke4 Kxh4 92.Kf3  1-0

[Event "Bad Lauterberg"]
[Site "Bad Lauterberg"]
[Date "1977.??.??"]
[Round "4"]
[White "Hermann, Manfred"]
[Black "Keene, Raymond D"]
[Result "1/2-1/2"]
[WhiteElo "2400"]
[BlackElo "2510"]

1.e4 g6 2.d4 Bg7 3.Nf3 d6 4.Bc4 Nf6 5.Qe2 O-O 6.O-O Bg4 7.Nbd2 Nc6 8.c3 e5
9.d5 Ne7 10.h3 Bd7 11.Rd1 Ne8 12.Bb5 Bc8 13.Bxe8 Qxe8 14.c4 Bd7 15.b3 f5
16.Bb2 b6 17.b4 h6 18.c5 Bb5 19.Qe3 Kh7 20.Rac1 Ba4 21.Re1 fxe4 22.Nxe4 Nf5
23.Qa3 Bd7 24.cxd6 cxd6 25.g4 Qe7 26.Rc7 Qd8 27.Rcc1 Nh4  1/2-1/2

[Event "Bad Lauterberg"]
[Site "Bad Lauterberg"]
[Date "1977.??.??"]
[Round "5"]
[White "Huebner, Robert"]
[Black "Sosonko, Gennadi"]
[Result "1/2-1/2"]
[WhiteElo "2600"]
[BlackElo "2530"]

1.c4 Nf6 2.Nf3 e6 3.d4 b6 4.e3 Bb7 5.Bd3 c5 6.O-O Be7 7.Nc3 cxd4 8.exd4 d5
9.cxd5 Nxd5 10.Ne5 O-O 11.Qh5 Nf6 12.Qh4 Ne4 13.Qg4 Nf6 14.Qh4 Ne4 15.Qg4  1/2-1/2

[Event "Bad Lauterberg"]
[Site "Bad Lauterberg"]
[Date "1977.??.??"]
[Round "5"]
[White "Olafsson, Fridrik"]
[Black "Csom, Istvan"]
[Result "1/2-1/2"]
[WhiteElo "2560"]
[BlackElo "2535"]

1.d4 Nf6 2.c4 e6 3.Nc3 Bb4 4.e3 c5 5.Bd3 Nc6 6.Nf3 Bxc3+ 7.bxc3 d6 8.O-O e5
9.Nd2 O-O 10.Nb3 b6 11.f3 Ba6 12.Rf2 Rc8 13.Bf1 Ne7 14.Rd2 Qe8 15.e4 h6 16.a4 Rc7
17.a5 Bc8 18.axb6 axb6 19.Ra8 Qc6 20.Rda2 Bb7 21.Rxf8+ Kxf8 22.Na1 Rc8 23.Nc2 Ra8
24.Rxa8+ Bxa8 25.Ne3 Nd7 26.Kf2 Bb7 27.g3 Ba6 28.Bh3 Ke8 29.Bb2 Bc8 30.Bf1 Nf8
31.Qb3 Bd7 32.Qa2 Qa4  1/2-1/2

[Event "Bad Lauterberg"]
[Site "Bad Lauterberg"]
[Date "1977.??.??"]
[Round "6"]
[White "Gligoric, Svetozar"]
[Black "Olafsson, Fridrik"]
[Result "1/2-1/2"]
[WhiteElo "2565"]
[BlackElo "2560"]

1.d4 Nf6 2.c4 e6 3.Nc3 Bb4 4.e3 O-O 5.Bd3 d5 6.Nf3 c5 7.O-O Nc6 8.a3 Bxc3
9.bxc3 dxc4 10.Bxc4 Qc7 11.Bd3 e5 12.Qc2 Re8 13.Nxe5 Nxe5 14.dxe5 Qxe5 15.f3 Be6
16.Re1 Rad8 17.Rb1 Qd5 18.Bb5 Bf5 19.e4 Nxe4 20.Bxe8 Nd6 21.Qe2 Bxb1 22.Qe7 Ra8
23.Bxf7+ Qxf7 24.Qxd6 Re8 25.Rxe8+ Qxe8 26.Qd5+ Kf8 27.Qxc5+ Qe7 28.Qf2 Qd6
29.Qe3 Qb6 30.Kf2 Qxe3+ 31.Kxe3 Bf5  1/2-1/2

[Event "Bad Lauterberg"]
[Site "Bad Lauterberg"]
[Date "1977.??.??"]
[Round "6"]
[White "Wockenfuss, Klaus"]
[Black "Gerusel, Mathias"]
[Result "1-0"]
[WhiteElo "2350"]
[BlackElo "2420"]

1.e4 Nf6 2.Nc3 d5 3.exd5 Nxd5 4.d4 Nxc3 5.bxc3 e6 6.Nf3 Be7 7.Bd3 O-O 8.O-O Nd7
9.Re1 c5 10.Bf4 Nf6 11.dxc5 Bxc5 12.Ne5 Nd5 13.Bd2 Qh4 14.g3 Qf6 15.Qe2 Qe7
16.Qh5 g6 17.Qh6 b6 18.c4 Nb4 19.Be4 Bb7 20.a3 Na6 21.Bc3 Bxf2+ 22.Kxf2 f6
23.Nd3 Rac8 24.Bxb7 Qxb7 25.Qf4 e5 26.Qe4 Qf7 27.Nb2 Rfe8 28.Rad1 Nc5 29.Qd5 f5
30.Qxf7+ Kxf7 31.Kg2 Ne4 32.Re3 Red8 33.Bxe5 Rxd1 34.Nxd1 Rxc4 35.Nc3 Ke6
36.Nxe4 Rxc2+ 37.Nf2  1-0

[Event "Bad Lauterberg"]
[Site "Bad Lauterberg"]
[Date "1977.??.??"]
[Round "6"]
[White "Sosonko, Gennadi"]
[Black "Keene, Raymond D"]
[Result "1/2-1/2"]
[WhiteElo "2530"]
[BlackElo "2510"]

1.d4 e6 2.c4 b6 3.e4 Bb7 4.f3 f5 5.exf5 exf5 6.Nh3 Bb4+ 7.Nc3 Qh4+ 8.g3 Qe7+
9.Kf2 Bxc3 10.bxc3 Nc6 11.Bf4 O-O-O 12.d5 Ne5 13.Qd4 Re8 14.Bg2 Qc5 15.Bxe5 Rxe5
16.Qxc5 bxc5 17.Ng5 Re7 18.Rhe1 Rxe1 19.Rxe1 Nf6 20.Re7  1/2-1/2

[Event "Bad Lauterberg"]
[Site "Bad Lauterberg"]
[Date "1977.??.??"]
[Round "7"]
[White "Liberzon, Vladimir M"]
[Black "Wockenfuss, Klaus"]
[Result "1-0"]
[WhiteElo "2550"]
[BlackElo "2350"]

1.e4 e5 2.Nf3 Nc6 3.Bb5 f5 4.Nc3 fxe4 5.Nxe4 d5 6.Nxe5 dxe4 7.Nxc6 Qg5 8.Qe2 Nf6
9.f4 Qh4+ 10.g3 Qh3 11.Ne5+ c6 12.Bc4 h5 13.d3 h4 14.Be3 hxg3 15.O-O-O gxh2
16.dxe4 Be7 17.Qd3 Bd7 18.Bf7+ Kd8 19.Nxd7 Kc7 20.f5  1-0

[Event "Bad Lauterberg"]
[Site "Bad Lauterberg"]
[Date "1977.??.??"]
[Round "7"]
[White "Csom, Istvan"]
[Black "Gligoric, Svetozar"]
[Result "1/2-1/2"]
[WhiteElo "2535"]
[BlackElo "2565"]

1.c4 g6 2.g3 Bg7 3.Bg2 c5 4.Nc3 Nc6 5.d3 d6 6.Nf3 Nf6 7.Rb1 O-O 8.a3 a5 9.O-O Bd7
10.Bd2 Qc8 11.Bg5 Re8 12.Bxf6 exf6 13.Nd5 Qd8 14.Nd2 f5 15.Re1 Ne5 16.b4 axb4
17.axb4 Ba4 18.Qc1 Bc6 19.bxc5 dxc5 20.Nb3 Nd7 21.Qd2 Ra3 22.Rec1 h5 23.d4 cxd4
24.Nxd4 Ne5 25.Qb4 Ra8 26.Nb5 Ng4 27.Rc2 h4 28.Rd1 hxg3 29.hxg3 Qg5 30.Nbc7 Ra4
31.Qd2 Qxd2 32.Rcxd2 Rb8 33.Rb1 Bf8 34.Nb6 Rb4 35.Rdb2 Rxb2 36.Rxb2 Rd8 37.Nbd5 Kg7
38.e3  1/2-1/2

[Event "Bad Lauterberg"]
[Site "Bad Lauterberg"]
[Date "1977.??.??"]
[Round "7"]
[White "Keene, Raymond D"]
[Black "Furman, Semen Abramovich"]
[Result "1-0"]
[WhiteElo "2510"]
[BlackElo "2535"]

1.c4 Nf6 2.Nc3 e6 3.e4 c5 4.e5 Ng8 5.Nf3 Nc6 6.d4 cxd4 7.Nxd4 Nxe5 8.Ndb5 f6
9.Bf4 a6 10.Bxe5 axb5 11.Bg3 Nh6 12.Qh5+ g6 13.Qxb5 Nf5 14.Rd1 Ra5 15.Qb3 Nxg3
16.hxg3 Re5+ 17.Be2 Bc5 18.Qc2 Bb4 19.a3 Bxc3+ 20.Qxc3 O-O 21.Qd4 Qa5+ 22.Qd2 b6
23.Qxa5 bxa5 24.Rd6 h5 25.Kd2 Bb7 26.f4 Rc5 27.Rxd7 Bxg2 28.Rh2 Be4 29.Kc3 Bf5
30.b4 axb4+ 31.axb4 Rcc8 32.Bd3 Bxd3 33.Kxd3 Ra8 34.Rc2 Rf7 35.Rd6 Rb7 36.b5 Kf7
37.b6 g5 38.fxg5 fxg5 39.c5 Ra3+ 40.Rc3 Ra4 41.Rd4 Ra8 42.Rb4 Rd8+ 43.Ke4 Rc8
44.c6 Rbb8 45.c7 Rb7 46.Ke5  1-0

[Event "Bad Lauterberg"]
[Site "Bad Lauterberg"]
[Date "1977.??.??"]
[Round "8"]
[White "Wockenfuss, Klaus"]
[Black "Huebner, Robert"]
[Result "0-1"]
[WhiteElo "2350"]
[BlackElo "2600"]

1.e4 e6 2.d4 d5 3.e5 c5 4.c3 Nc6 5.Nf3 Qb6 6.Bd3 cxd4 7.cxd4 Bd7 8.O-O Nxd4
9.Nxd4 Qxd4 10.Nc3 a6 11.Qe2 Qb6 12.Kh1 Bc5 13.Bd2 Bd4 14.a4 Ne7 15.f4 g6
16.Nd1 Nf5 17.a5 Qa7 18.g4 Ne7 19.Rc1 Nc6 20.b4 O-O-O 21.b5 axb5 22.Bxb5 h5
23.g5 Kb8 24.Be1 Rc8 25.Rb1 Rhd8 26.Rf3 Bc5 27.Qb2 Nd4 28.Bxd7 Rxd7 29.Rd3 Qa6
30.Qd2 Ba7 31.Nc3 Rc4 32.Bf2 Nc6 33.Nb5 Bxf2 34.Qxf2 Nb4 35.Rdb3 Qxb5 36.Qd2 Rdc7
37.Rxb4 Rxb4  0-1

[Event "Bad Lauterberg"]
[Site "Bad Lauterberg"]
[Date "1977.??.??"]
[Round "8"]
[White "Hermann, Manfred"]
[Black "Csom, Istvan"]
[Result "1/2-1/2"]
[WhiteElo "2400"]
[BlackElo "2535"]

1.e4 c5 2.c3 d5 3.exd5 Qxd5 4.d4 Nf6 5.Nf3 e6 6.Be2 Be7 7.O-O O-O 8.Ne5 cxd4
9.cxd4 Rd8 10.Be3 Nc6 11.Bf3 Qd6 12.Nxc6 bxc6 13.Qa4 Nd5 14.Nd2 Bd7 15.Nc4 Qc7
16.Rac1 Be8 17.Qa5 Qb7 18.a3 Rab8 19.Qd2 Qb3 20.Bd1 Qb5 21.b4 Nxe3 22.Qxe3 Bg5
23.f4 Bf6 24.Ne5 Qb6 25.Rc4 a5 26.Bf3 axb4 27.axb4 Rd6 28.Qc3 Rbd8 29.Rd1 g6
30.g3 h5 31.h4 Qa7 32.Kh2 Rb8 33.Kh3 Rbd8 34.Be4 Kg7 35.Rc5 Qa2 36.Rd2 Qa6
37.Bd3 Qb7 38.Be4 Qa7 39.Ra5 Qb8 40.Rc5  1/2-1/2

[Event "Bad Lauterberg"]
[Site "Bad Lauterberg"]
[Date "1977.??.??"]
[Round "8"]
[White "Torre, Eugenio"]
[Black "Olafsson, Fridrik"]
[Result "1/2-1/2"]
[WhiteElo "2550"]
[BlackElo "2560"]

1.e4 c5 2.Nf3 e6 3.d4 cxd4 4.Nxd4 Nf6 5.Nc3 d6 6.Be2 Be7 7.O-O Nc6 8.Be3 O-O
9.f4 e5 10.Nb3 a5 11.a4 Nb4 12.Kh1 Qc7 13.Rc1 Bd7 14.Nd2 d5 15.fxe5 Nxe4
16.Nb5 Qxe5 17.Bd4 Qg5 18.Nxe4 dxe4 19.Bxg7 Nd5  1/2-1/2

[Event "Bad Lauterberg"]
[Site "Bad Lauterberg"]
[Date "1977.??.??"]
[Round "8"]
[White "Karpov, Anatoly"]
[Black "Keene, Raymond D"]
[Result "1/2-1/2"]
[WhiteElo "2690"]
[BlackElo "2510"]

1.e4 e5 2.Nf3 d6 3.d4 exd4 4.Nxd4 g6 5.Nc3 Bg7 6.Be2 Nc6 7.Be3 Nf6 8.O-O O-O
9.Re1 Re8 10.Nxc6 bxc6 11.Bf3 Nd7 12.Qd2 Ba6 13.Rad1 Qb8 14.b3 Qb4 15.Nb1 Qxd2
16.Bxd2 Re7 17.Ba5 Ne5 18.Be2 Bxe2 19.Rxe2 Rae8 20.Kf1 c5 21.Bc3 Nc6 22.Bxg7 Kxg7
23.Nc3 Nd4 24.Red2 f5 25.exf5 Nxf5 26.Re2 Rxe2 27.Nxe2 Kf7 28.Rd3 Rb8 29.g4 Ng7
30.Rf3+ Kg8 31.Nf4 c6 32.h4 Rb4 33.c4 Rb7 34.Rd3 Rd7 35.Kg2 Kf7 36.Rf3 Kg8
37.Kg3 Re7 38.Rd3 Rd7 39.Ne2 Ne6 40.f4 Kf7 41.Nc3 Ke7 42.Re3 Kf7 43.f5 gxf5
44.gxf5 Ng7 45.Kf4 Nh5+ 46.Kg5 Nf6 47.Re6 h6+ 48.Kf4 d5 49.cxd5 cxd5 50.Nb5 d4
51.Nd6+ Kg7 52.Ke5 d3 53.Rxf6 d2 54.Rg6+ Kf8 55.Rg1 Re7+ 56.Kf6 Re1 57.Rg7  1/2-1/2

[Event "Bad Lauterberg"]
[Site "Bad Lauterberg"]
[Date "1977.??.??"]
[Round "9"]
[White "Olafsson, Fridrik"]
[Black "Sosonko, Gennadi"]
[Result "1/2-1/2"]
[WhiteElo "2560"]
[BlackElo "2530"]

1.c4 Nf6 2.Nc3 e6 3.Nf3 Bb4 4.g3 O-O 5.Bg2 d5 6.a3 Be7 7.d4 Nbd7 8.Qd3 c6
9.O-O b6 10.Rd1 Ba6 11.b3 Rc8 12.Bb2 c5 13.dxc5 bxc5  1/2-1/2

[Event "Bad Lauterberg"]
[Site "Bad Lauterberg"]
[Date "1977.??.??"]
[Round "9"]
[White "Keene, Raymond D"]
[Black "Wockenfuss, Klaus"]
[Result "1-0"]
[WhiteElo "2510"]
[BlackElo "2350"]

1.c4 e5 2.Nc3 Nf6 3.Nf3 e4 4.Ng5 b5 5.d3 bxc4 6.dxe4 Nc6 7.e3 Bb4 8.Bxc4 O-O
9.O-O Bxc3 10.bxc3 h6 11.f4 hxg5 12.fxg5 Nh7 13.g6 Ng5 14.Ba3 Ne5 15.Bxf8 Nxc4
16.gxf7+ Kxf8 17.Qh5 Bb7 18.Qh8+ Ke7 19.Qxg7 Qf8 20.Qf6+  1-0

[Event "Bad Lauterberg"]
[Site "Bad Lauterberg"]
[Date "1977.??.??"]
[Round "10"]
[White "Gerusel, Mathias"]
[Black "Keene, Raymond D"]
[Result "1-0"]
[WhiteElo "2420"]
[BlackElo "2510"]

1.g3 Nf6 2.Bg2 g6 3.d4 Bg7 4.e4 O-O 5.Ne2 d6 6.O-O Nc6 7.d5 Ne5 8.Be3 c5
9.dxc6 bxc6 10.Nd2 Ba6 11.h3 Qc7 12.f4 Ned7 13.c4 Rab8 14.Qa4 Bb7 15.Rab1 c5
16.Nc3 Nb6 17.Qc2 a6 18.b3 Rfe8 19.Rfe1 Nfd7 20.Bf2 Nf8 21.Qd3 e6 22.Rbd1 Rbd8
23.a3 Nfd7 24.b4 cxb4 25.axb4 Rc8 26.Bf1 Red8 27.Qc2 d5 28.exd5 Nxd5 29.Nxd5 exd5
30.c5 d4 31.Qa4 a5 32.Qxa5 Qc6 33.Ne4 Ra8 34.Qb5 Qd5 35.Bc4 Qc6 36.Qxc6 Bxc6
37.Nd6 Rdb8 38.Rb1 Kf8 39.b5 Bf3 40.c6 Nb6 41.c7 Rc8 42.Nxc8 Rxc8 43.Be2 Bxe2
44.Rxe2 Rxc7 45.Ra2 Ke7 46.Rba1 Nc8 47.Ra8 Rc2 48.Rd1 Nd6 49.Re1+ Kd7 50.Ra7+ Kc8
51.Ree7 Kb8 52.Rad7 Bf6 53.Re1 Nxb5 54.Re8+ Rc8 55.Rxc8+ Kxc8 56.Rxf7 d3
57.Kf1 Bc3 58.Rxh7 Bb2 59.Be3 Nd6 60.Ke1 Nf5 61.Kd2 Nxg3 62.Rh6  1-0

[Event "Bad Lauterberg"]
[Site "Bad Lauterberg"]
[Date "1977.??.??"]
[Round "10"]
[White "Liberzon, Vladimir M"]
[Black "Huebner, Robert"]
[Result "1-0"]
[WhiteElo "2550"]
[BlackElo "2600"]

1.e4 e6 2.d4 d5 3.Nc3 Bb4 4.e5 b6 5.Bd2 Qd7 6.Nf3 Ba6 7.Bxa6 Nxa6 8.Ne2 Bf8
9.Nf4 c5 10.Qe2 Nb4 11.Be3 Nh6 12.dxc5 bxc5 13.c3 Nc6 14.c4 d4 15.Bd2 Rb8
16.Nd3 a5 17.a3 Be7 18.Bxh6 gxh6 19.Nd2 a4 20.O-O Na5 21.Qh5 Nb3 22.Rad1 Nxd2
23.Rxd2 Bf8 24.Qg4 Qc6 25.f4 Qa6 26.Rc1 Rb3 27.f5 exf5 28.Qxf5 Be7 29.Nf4 Bg5
30.Rf2 O-O 31.Qg4 Kh8 32.h4 Bxf4 33.Qxf4 Qg6 34.Re1 Rg8 35.h5 Qg7 36.Qf6 Rg3
37.Qxg7+ R3xg7 38.e6 Re8 39.e7 f6 40.Rf5 Rgxe7 41.Rxe7 Rxe7 42.Rxc5 Re2 43.Rd5 Rxb2
44.Rxd4 Rc2  1-0

[Event "Bad Lauterberg"]
[Site "Bad Lauterberg"]
[Date "1977.??.??"]
[Round "10"]
[White "Sosonko, Gennadi"]
[Black "Csom, Istvan"]
[Result "1/2-1/2"]
[WhiteElo "2530"]
[BlackElo "2535"]

1.d4 Nf6 2.c4 e6 3.g3 d5 4.Bg2 dxc4 5.Nf3 a6 6.O-O c5 7.dxc5 Qxd1 8.Rxd1 Bxc5
9.Ne5 Ra7 10.Nxc4 b5 11.Bf4 Nbd7 12.Nd6+ Ke7 13.Nc3 Nh5 14.Bg5+ f6 15.Be3 Bxe3
16.fxe3 Ne5 17.Rd4 Bd7 18.Rad1 g6 19.Nce4  1/2-1/2

[Event "Bad Lauterberg"]
[Site "Bad Lauterberg"]
[Date "1977.??.??"]
[Round "10"]
[White "Torre, Eugenio"]
[Black "Gligoric, Svetozar"]
[Result "0-1"]
[WhiteElo "2550"]
[BlackElo "2565"]

1.e4 e5 2.Nf3 Nc6 3.Bb5 a6 4.Ba4 Nf6 5.O-O Be7 6.Re1 b5 7.Bb3 d6 8.c3 O-O
9.h3 Nb8 10.d4 Nbd7 11.Nbd2 Bb7 12.Bc2 Re8 13.Nf1 Bf8 14.Ng3 g6 15.a4 c5
16.d5 Nb6 17.Qe2 Nxa4 18.Bxa4 bxa4 19.Rxa4 Nd7 20.Ra3 Nb6 21.Nh2 Bg7 22.Ng4 Bc8
23.c4 Bxg4 24.hxg4 a5 25.Nf5 gxf5 26.gxf5 f6 27.Rh3 Nd7 28.Qh5 Nf8 29.g4 Qe7
30.g5 fxg5 31.Bxg5 Bf6 32.Bxf6 Qxf6 33.Rg3+ Kh8 34.Kh1 Nd7 35.Rg6 Qf7 36.Reg1 Nf6
37.Qh6 Rf8 38.f3 a4 39.R1g5 Ra7 40.Kg1 Rb7 41.Rg2 Qe7 42.R6g3 Rfb8 43.Rg6 Ng8
44.Qh2 a3 45.bxa3 Rb1+ 46.Kf2 R8b2+ 47.Ke3 Rb3+ 48.Kf2 R1b2+ 49.Kg1 Rxg2+
50.Rxg2 Rxf3 51.Rg3 Rf4 52.a4 Rxe4 53.Qg2 Nf6 54.Rg8+ Nxg8 55.Qxe4 Qg5+  0-1

[Event "Bad Lauterberg"]
[Site "Bad Lauterberg"]
[Date "1977.??.??"]
[Round "11"]
[White "Hermann, Manfred"]
[Black "Torre, Eugenio"]
[Result "1/2-1/2"]
[WhiteElo "2400"]
[BlackElo "2550"]

1.e4 d6 2.d4 Nf6 3.Nc3 g6 4.Nf3 Bg7 5.Bc4 O-O 6.O-O Nxe4 7.Nxe4 d5 8.Bd3 dxe4
9.Bxe4 c5 10.c3 Qc7 11.Qb3 Nd7 12.Re1 c4 13.Qd1 Nf6 14.Bc2 b5 15.a4 b4 16.cxb4 Rb8
17.b5 a6 18.b3 axb5 19.axb5 Nd5 20.bxc4 Qxc4 21.Bd3 Qc3 22.Ra3 Qc7 23.Bd2 Qd6
24.Qa1 Bb7 25.Ne5 Ra8 26.Rxa8 Rxa8 27.Qb2 e6 28.Ra1 Rxa1+ 29.Qxa1 Nb4 30.Bxb4 Qxb4
31.Qa7 Bxe5 32.dxe5 Bxg2 33.Kxg2  1/2-1/2

[Event "Bad Lauterberg"]
[Site "Bad Lauterberg"]
[Date "1977.??.??"]
[Round "11"]
[White "Csom, Istvan"]
[Black "Furman, Semen Abramovich"]
[Result "1/2-1/2"]
[WhiteElo "2535"]
[BlackElo "2535"]

1.c4 Nf6 2.Nf3 b6 3.b3 e6 4.Bb2 Bb7 5.e3 d5 6.Be2 Bd6 7.cxd5 exd5 8.O-O O-O
9.d3 Nbd7 10.Nbd2 Re8 11.Re1 c5 12.Bf1 Qc7 13.h3 Re6 14.a3 Rae8 15.Rc1 Qd8
16.Qc2 Bb8 17.Qb1 Qe7 18.Ba1 Qd6 19.b4 Ba8 20.g3 Qe7 21.Bg2 h6 22.Nh4 g6
23.Nhf3 Bd6 24.Bc3 Qd8 25.Nf1 Bc6 26.N1h2 Qa8 27.Qb2 a5 28.b5 Bb7 29.Qd2 Bf8
30.Bb2 a4 31.Rb1 Bg7 32.Ba1 Rc8 33.Rec1  1/2-1/2

[Event "Bad Lauterberg"]
[Site "Bad Lauterberg"]
[Date "1977.??.??"]
[Round "12"]
[White "Huebner, Robert"]
[Black "Keene, Raymond D"]
[Result "1/2-1/2"]
[WhiteElo "2600"]
[BlackElo "2510"]

1.d4 Nf6 2.c4 e6 3.Nf3 b6 4.e3 Bb7 5.Bd3 d5 6.Nc3 Bd6 7.O-O O-O 8.b3 Nbd7
9.Bb2 a6 10.Qe2 Ne4 11.Rad1 Qf6 12.Nd2 Qh6 13.f4 f5 14.Nf3 Qh5 15.Ne5 Qxe2
16.Nxe2 Ndf6 17.Nc3 Nxc3 18.Bxc3  1/2-1/2

[Event "Bad Lauterberg"]
[Site "Bad Lauterberg"]
[Date "1977.??.??"]
[Round "12"]
[White "Furman, Semen Abramovich"]
[Black "Gligoric, Svetozar"]
[Result "1-0"]
[WhiteElo "2535"]
[BlackElo "2565"]

1.d4 Nf6 2.c4 g6 3.Nc3 Bg7 4.e4 d6 5.f3 O-O 6.Be3 e5 7.d5 c6 8.Bd3 cxd5 9.cxd5 Nh5
10.Nge2 f5 11.exf5 gxf5 12.O-O Nd7 13.Kh1 Kh8 14.Rc1 Ndf6 15.Qb3 e4 16.Bb1 exf3
17.gxf3 f4 18.Bf2 Ne8 19.Rg1 Be5 20.Ne4 Neg7 21.Bd4 Nf6 22.Bxe5 dxe5 23.Qc3 Nxe4
24.Bxe4 Qf6 25.Qd3 Bf5 26.Rc7 Bxe4 27.Qxe4 Nf5 28.d6 Qxd6 29.Qxb7 Qh6 30.Qe4 Rae8
31.Rxa7 Nd6 32.Qd5 Rf6 33.Re7 Qf8 34.Rxe5 Rd8 35.Qc5 Rc8 36.Qd4 Rc4 37.Qd5 Rc8
38.Nd4 Nf7 39.Rh5 Re8 40.Nc6 Qd6 41.Nd4 h6 42.Qc4 Rd8 43.Nf5 Qd3 44.Qxf4 Rg8
45.Rxg8+ Kxg8 46.Qg3+ Kf8 47.Qb8+ Nd8 48.Qb4+ Kg8 49.Qg4+  1-0

[Event "Bad Lauterberg"]
[Site "Bad Lauterberg"]
[Date "1977.??.??"]
[Round "12"]
[White "Wockenfuss, Klaus"]
[Black "Olafsson, Fridrik"]
[Result "1/2-1/2"]
[WhiteElo "2350"]
[BlackElo "2560"]

1.e4 d6 2.d4 Nf6 3.Nc3 g6 4.g3 Bg7 5.Bg2 O-O 6.Nge2 Nc6 7.O-O Bd7 8.h3 e5
9.dxe5 dxe5 10.Bg5 h6 11.Bxf6 Bxf6 12.Nd5 Bg7 13.Qd3 Nb8 14.Qb3 b6 15.Rad1 c6
16.Ne3 Qc8 17.Kh2 Be6 18.c4 Nd7 19.f4 exf4 20.gxf4 b5 21.Qc2 Bxc4  1/2-1/2

[Event "Bad Lauterberg"]
[Site "Bad Lauterberg"]
[Date "1977.??.??"]
[Round "12"]
[White "Sosonko, Gennadi"]
[Black "Hermann, Manfred"]
[Result "1-0"]
[WhiteElo "2530"]
[BlackElo "2400"]

1.d4 d5 2.c4 c6 3.Nf3 Nf6 4.Nc3 dxc4 5.e3 b5 6.a4 b4 7.Nb1 Ba6 8.Qc2 e6 9.Bxc4 Bxc4
10.Qxc4 Qd5 11.Nbd2 Nbd7 12.Qe2 Ne4 13.Nxe4 Qxe4 14.O-O Be7 15.b3 O-O 16.Bb2 c5
17.Rac1 Rac8 18.Rfd1 Qb7 19.h3 cxd4 20.Bxd4 Bf6 21.Qb5 Qxb5 22.axb5 Bxd4
23.Nxd4 Rc3 24.Nc6 Ra8 25.Ra1 Nf6 26.Rxa7 Re8 27.Rc7 Nd5 28.Rxd5 exd5 29.b6  1-0